| 000 | 01017nam a22003257a 4500 | ||
|---|---|---|---|
| 003 | DO-SdBNP | ||
| 005 | 20240529132238.0 | ||
| 008 | 210628b ||||| |||| 00| 0 eng d | ||
| 020 | 4 | _a978-607-433-947-5 | |
| 040 | 4 |
_aDO-SdBNP _bspa _cBNPHU |
|
| 082 | 4 |
_222 _a861.5 _bB533i |
|
| 100 | 1 |
_9160 _aBerroa, Rei _d1949- |
|
| 245 | 0 | 1 |
_aLibro de los dones y los bienes / _c Rei Berroa |
| 260 |
_aMéxico : _bUniversidad Autónoma de Nuevo León (UANL), _c2013. |
||
| 300 |
_a123 p. _c20 cm. |
||
| 500 | _aIncluye datos biográficos del autor en la solapa de la portada del libro. | ||
| 505 | _aPrimera estación. | ||
| 505 | _aSegunda estación. | ||
| 505 | _aTercera estación. | ||
| 505 | _aCuarta estación. | ||
| 505 | _aQuinta estación. | ||
| 505 | _aSexta estación. | ||
| 505 | _aSéptima estación. | ||
| 505 | _aOctava estación. | ||
| 590 | _aInventariado, 2021 S/A | ||
| 650 | 0 |
_aPoesía dominicana _978060 |
|
| 650 | 0 |
_aLiteratura dominicana. _967 |
|
| 910 | _aSaquino | ||
| 942 |
_2ddc _cLBS1 |
||
| 999 |
_c50012 _d50012 |
||